Las redes intelectuales centroamericanas : (Record no. 67)

MARC details
000 -LEADER
campo de control de longitud fija 01932cam a2200301Ia 4500
001 - NÚMERO DE CONTROL
campo de control 5314464
003 - IDENTIFICADOR DE NÚMERO DE CONTROL
campo de control DFRGTYH
005 - FECHA Y HORA DE LA ÚLTIMA TRANSACCIÓN
campo de control 20220326193248.0
008 - DATOS DE LONGITUD FIJA--INFORMACIÓN GENERAL
campo de control de longitud fija 050511s2005 gt b 001 0 spa d
020 ## - NÚMERO INTERNACIONAL ESTÁNDAR DEL LIBRO
Número Internacional Estándar del Libro 9992261382
035 ## - NÚMERO DE CONTROL DEL SISTEMA
Número de control de sistema (OCoLC)ocm60341856
035 ## - NÚMERO DE CONTROL DEL SISTEMA
Número de control de sistema (NNC)5314464
040 ## - FUENTE DE CATALOGACIÓN
Centro catalogador/agencia de origen NHM
Centro/agencia transcriptor NHM
043 ## - CÓDIGO DE ÁREA GEOGRÁFICA
Código de área geográfica nc-----
082 ## - NÚMERO DE LA CLASIFICACIÓN DECIMAL DEWEY
Número de clasificación 972.8
Número de ítem C336r
090 ## - LOCALMENTE ASIGNADO TIPO-LC NÚMERO DE CLASIFICACIÓN (OCLC); NÚMERO DE CLASIFICACIÓN LOCAL (RLIN)
Número de clasificación (OCLC) (R) ; Numero de clasificación, CALL (RLIN) (NR) F1430
Número cutter local (OCLC) ; Número de libro/Signatura topográfica íntegra, CALL (RLIN) .C38 2005
100 1# - ENTRADA PRINCIPAL--NOMBRE DE PERSONA
Nombre de persona Casaús Arzú, Marta y Garcia Giraldez, Teresa
9 (RLIN) 335
245 14 - MENCIÓN DEL TÍTULO
Título Las redes intelectuales centroamericanas :
Resto del título un siglo de imaginarios nacionales (1820-1920)
Mención de responsabilidad, etc. Marta Elena Casaús Arzú, Teresa García Giráldez.
260 ## - PUBLICACIÓN, DISTRIBUCIÓN, ETC.
Lugar de publicación, distribución, etc. Guatemala :
Nombre del editor, distribuidor, etc. F&G,
Fecha de publicación, distribución, etc. 2005.
300 ## - DESCRIPCIÓN FÍSICA
Extensión vii, 325 p. ;
Dimensiones 24 cm.
Otras características físicas ill (some color)
504 ## - NOTA DE BIBLIOGRAFÍA, ETC.
Nota de bibliografía, etc. Includes bibliographical references (p. 297-315) and index.
505 0# - NOTA DE CONTENIDO CON FORMATO
Nota de contenido con formato Introducción: Las elites intelectuales de Centroamérica en el paso de siglo: entre el positivismo racialista y el espiritualismo nacionalista -- El debate sobre la nación y sus formas en el pensamiento político del siglo XIX / Teresa García Giráldez -- La creación de nuevos espacios públicos a principios del siglo XX: la influencia de redes intelectuales teosóficas en la opinión pública centroamericana (1920-1930) / Marta Elena Casaús Arzú -- La patria grande centroamericana: la elaboración del proyecto nacional por las redes unionistas / Teresa García Giráldez -- El indio, la nación, la opinión pública y el espiritualismo nacionalista: los debates de 1929 / Marta Elena Casaús Arzú -- La generación del 20 en Guatemala y sus imaginarios de nación (1920-1940) / Marta Elena Casaús Arzú.
650 #0 - PUNTO DE ACCESO ADICIONAL DE MATERIA--TÉRMINO DE MATERIA
Término de materia o nombre geográfico como elemento de entrada Intellectuals
Subdivisión geográfica Central America
Subdivisión general History.
9 (RLIN) 336
651 #0 - PUNTO DE ACCESO ADICIONAL DE MATERIA--NOMBRE GEOGRÁFICO
Nombre geográfico Central America
Subdivisión general Intellectual life.
9 (RLIN) 337
654 ## - PUNTO DE ACCESO ADICIONAL DE MATERIA--TÉRMINOS DE MATERIA FACETADOS
Subdivisión general intelectuales-Centroamerica-historia
-- caracteristicas nacionales-Centroamerica
-- nacionalismo-Centroamerica-historia
700 1# - ENTRADA AGREGADA--NOMBRE PERSONAL
Nombre de persona García Giráldez, Teresa.
9 (RLIN) 338
Holdings
Estatus retirado Estado de pérdida Fuente del sistema de clasificación o colocación Estado de daño No para préstamo Biblioteca de origen Biblioteca actual Ubicación en estantería Fecha de adquisición Total de préstamos Signatura topográfica completa Código de barras Visto por última vez Precio de reemplazo Tipo de ítem Koha
    Clasificación Decimal Dewey     Biblioteca LadoV Biblioteca LadoV   09/04/2014   972.8 C336r 000090 09/04/2014 09/04/2014 Material 01